000 00337nam a2200121Ia 4500
008 210430s9999 xx 000 0 und d
082 _a620.11 C 426 S
100 _aJ A Charles
_954339
245 _aSelection and Use of Engineering Materials 3rd
_cJ A Charles
260 _aIndia
_bElesevier
_c2006
300 _a343 p
942 _cBK
_2ddc
999 _c564898
_d564898